000 00372nam a2200181Ia 4500
100 _aSchiller/Jochen
650 _aCommunications
250 _a2
942 _cBK
366 _f25
654 _amobile
245 _aMobile communications
260 _bPearson Education
_c2009
082 _a621.382
_bSCH
300 _a492
546 _aENGLISH
_cTTL
999 _c18729
_d18729